[Event "London League"]
[Site "London"]
[Date "1979.01.05"]
[Round "?"]
[White "Terry Whitton,  (White)"]
[Black "Chris Haynes,  (Black)"]
[Result "1-0"]
[WhiteElo "173"]
[BlackElo "163"]
[Annotator "Terry Whitton"]
[PlyCount "53"]
[EventDate "1978.04.13"]
[EventType "simul"]
[EventRounds "145"]
[SourceVersionDate "2020.02.28"]
[WhiteTeam "W&W 1"]
[BlackTeam "Drunken Knights"]

1. Nf3 {Notes by Terry Whitton.} d5 2. g3 c5 3. Bg2 Nc6 4. c4 Nf6 5. cxd5 Nxd5
6. Nc3 e5 7. O-O Be7 $2 {Here my opponent said we were playing a Sicilian
reversed (Maroczy Bind). Unfortunately for him, he has failed to take account
of White's extra move.} 8. Nxe5 Nxe5 (8... Nxc3 9. Nxc6 Nxd1 10. Nxd8 {Now any
move by Black leaves White a pawn up and White can take the b-pawn with
threats.}) 9. Nxd5 h5 10. d4 Ng4 {10 ...cxd4 helps White.} 11. b3 h4 12. Qd3
hxg3 13. hxg3 Nf6 14. Nxe7 Qxe7 15. dxc5 {Overcautious simplification to
eliminate any Black threats.} Qxc5 16. Qe3+ Qxe3 17. Bxe3 Bh3 $2 {This helps
White.} 18. Rac1 Bxg2 $2 {...as does this.} 19. Kxg2 Nd5 20. Bd4 O-O 21. Rc5
Rfd8 22. e3 Rd7 23. a3 Ne7 $2 {Better 23 ...b6} 24. Rg5 g6 25. Rh1 Kf8 (25...
f5 26. Rh8+ $18 {and Black loses a rook.}) 26. Rh8+ Ng8 27. Bc5+ {A weak move,
but I had forgotten that Black could play 27 ...Kg7. So had my opponent: his
next move was 27 ...Resigns??! However, after 27 ...Kg7 28 Rh1 White is still
winning, but slowly.} 1-0

[Event "London League"]
[Site "London"]
[Date "1979.01.17"]
[Round "?"]
[White "M Dymond, (White)"]
[Black "Roy Wagstaff, (Black)"]
[Result "1-0"]
[WhiteElo "178"]
[BlackElo "161"]
[Annotator "Roy Wagstaff"]
[PlyCount "62"]
[EventDate "1978.04.13"]
[EventType "simul"]
[EventRounds "145"]
[SourceVersionDate "2020.02.28"]
[WhiteTeam "Harrow"]
[BlackTeam "W&W 1"]

1. e4 d6 2. d4 g6 3. Nc3 Bg7 4. Bc4 Nc6 5. Nge2 e5 6. Be3 Nge7 7. Qd2 O-O 8.
O-O-O a6 9. h4 b5 10. Bb3 exd4 11. Nxd4 Nxd4 12. Bxd4 Bxd4 13. Qxd4 c5 14. Qe3
c4 15. h5 Nf5 {Chicken! - but think of the humilation if White has a mating
attack shold Black capture the bishop. [WM This is a scenario ripe for the
analysis engine! This shows that there was neither a win by taking the bishop,
nor a mating attack, though Roy would have needed to find some critical moves,
e.g. ...Bf5.]} ({If} 15... cxb3 16. Qh6 Bf5 $1 17. axb3 (17. exf5 Nxf5 18. Qf4
bxa2 19. Nxa2 Rc8 20. hxg6 fxg6 21. g4 Nh4 22. Qxd6 Qxd6 23. Rxd6 Rxf2 24. Nb4
g5 $15) 17... f6 18. g4 g5 19. e5 (19. gxf5 Kh8 20. f4 Ng8 21. Qg6 Ra7 (21...
hxg6 22. hxg6+ Nh6 23. Rxh6+ Kg8 24. Rdh1 {and mate follows.}) 22. fxg5 Ne7 23.
Qh6 Ng8 24. Qg6 $11) 19... dxe5 20. Rxd8 Raxd8 21. f4 exf4 22. Rg1 Kh8 23. Re1
Ng8 24. Qxf8 Rxf8) 16. exf5 Bxf5 17. Bxc4 bxc4 18. Nd5 $1 c3 $2 19. Ne7+ Kh8
20. Qxc3+ f6 21. hxg6 $1 Qxe7 22. Rxh7+ Qxh7 23. gxh7 Rac8 24. Qd2 Rxc2+ 25.
Qxc2 Bxc2 26. Kxc2 Rc8+ 27. Kd3 Kxh7 28. Rd2 Kg6 29. Rc2 Rb8 30. b3 Rb6 31. Kd4
Rb5 {Black wants an extra move. If 31 ...Kf7 32 Kd5 Ke7 33 Rc7+ wins. After
the text, White can continue 32 Rc6. BLACK RESIGNED.} 1-0

[Event "London League"]
[Site "London"]
[Date "1979.02.21"]
[Round "?"]
[White "Ian Hunnable, (White)"]
[Black "B Haase, (Black)"]
[Result "1-0"]
[WhiteElo "174"]
[BlackElo "168"]
[PlyCount "56"]
[EventDate "1989.??.??"]
[EventType "simul"]
[EventRounds "8"]
[EventCountry "ENG"]
[SourceVersionDate "2020.02.28"]

1. Nf3 Nf6 2. d4 d5 3. c4 dxc4 4. Nc3 e6 5. Bg5 Be7 6. e4 a6 7. a4 c5 8. dxc5
Qc7 9. e5 Ng4 10. Bxe7 Kxe7 $2 11. Qd6+ Qxd6 12. exd6+ Kd8 13. h3 Nh6 14. Bxc4
Nc6 15. a5 Bd7 16. O-O Rc8 17. Rfc1 Nb4 18. Na4 Re8 19. Nb6 Rxc5 20. Nxd7 Kxd7
21. Bxe6+ Rxe6 22. Rxc5 Rxd6 23. Ne5+ Kd8 24. Rac1 Nd3 25. Rc8+ Ke7 26. R1c7+
Kf6 27. Nxd3 Rxd3 28. Rxb7 Rxh3 {A joke move with which BLACK RESIGNED.} 1-0

[Event "W&W Ch"]
[Site "Wanstead"]
[Date "1978.??.??"]
[Round "?"]
[White "Howard Anderson, (White)"]
[Black "Andrew Kinder, (Black)"]
[Result "1-0"]
[WhiteElo "140"]
[BlackElo "152"]
[Annotator "Howard Anderson"]
[PlyCount "107"]
[EventDate "1978.04.13"]
[EventType "simul"]
[EventRounds "145"]
[SourceVersionDate "2020.02.28"]

{Comments by Howard Anderson.} 1. Nf3 c5 2. e4 e6 3. d4 cxd4 4. Nxd4 Nf6 5. Nc3
d6 6. Bc4 a6 7. a4 {Here we seem to leave the book. White trying to prevent ...
b5 and the subsequent Black attack on the Q-side.} Be7 8. O-O O-O 9. Be3 Qc7
10. Bb3 Bd7 11. f4 Nc6 12. h3 {Reluctantly, but ...Ng4 looks to have a lot of
nuisance value in the long run.} Nxd4 13. Bxd4 Bc6 14. e5 {Black later said he
had overlooked that White can play this here. Nevertheless White's supposed
K-side attack still isn't off the ground.} Nd7 15. Qe2 {In the long run the
queen is better placed here than the superficially more attractive g4.} Rad8
16. Rad1 dxe5 17. fxe5 Nc5 18. Kh1 {Very necessary. Black is gaining the
initiative, but as always in time trouble.} Nxb3 19. cxb3 Rd7 20. Qf2 Qd8 21.
Bb6 Qc8 22. Rd4 Rxd4 23. Bxd4 f5 24. exf6 {To clear the weak pawn, but perhaps
White shouldn't capture in view of Black's strong f-file.} Bxf6 25. Bc5 Be7 26.
Qxf8+ {Forced by the rather foolish 25th move. Black is getting the better of
the position here; White holding on by his fingertips.} Bxf8 27. Rxf8+ Qxf8 28.
Bxf8 Kxf8 29. Kg1 Ke7 30. Kf2 e5 31. g3 Ke6 {Black is sure he's won here - and
he should be.} 32. Ke3 Bg2 33. h4 h5 34. Kf2 Bh1 35. Nd1 {Aiming to get the
knight into play on e3.} Bd5 36. b4 Bb3 37. Nc3 Kf5 38. a5 {The start of
White's Houdini act. All his pawns are weak and Black is clearly going to win.
38 a5 releases the knight. More importantly, with Black again in time trouble,
White is trying a mock attack to divert his attention. Utterly unsound, it
works like dream.} Bc2 $2 39. b5 Bd3 40. bxa6 Bxa6 41. b4 {Again attack at all
costs.} Bc4 {About here, I began to smell escape - Black's apparently been
mucking about quite a while to little effect. The Q-side pawn majority is now
dangerous.} 42. b5 Ke6 43. Ke3 Kd6 {This is the crucial stage of the game.
Black thought he was home and dry as did the spectators, but he's still got a
hurdle to get over.} 44. Ke4 Kc5 $2 {Black played this quickly without
realising the problem. (44 ...g6 seems to be the move - Ed.)} 45. a6 $1 bxa6
46. bxa6 Bxa6 47. Kxe5 Bd3 48. Nd5 Bc2 {(s) The sealed move at the end of the
second session nd I think a bad one. Black said he thought it was a certain
draw - but that's because he totally missed the rather obvious continuation.
In fact with a different sealed move he could have made life much more
difficult. ...Be2 or ...g6 better.} 49. Nf4 Bd1 50. Ne6+ Kc6 51. Nxg7 Kd7 52.
Kf5 Ke7 53. Kg5 Kf7 54. Nxh5 {...and BLACK RESIGNED on move 68.} 1-0

[Event "London League"]
[Site "London"]
[Date "1979.03.??"]
[Round "?"]
[White "David Hick, (White)"]
[Black "P R Archer, (Black)"]
[Result "1-0"]
[WhiteElo "161"]
[BlackElo "154"]
[Annotator "First Rank"]
[PlyCount "45"]
[EventDate "1978.04.13"]
[EventType "simul"]
[EventRounds "145"]
[SourceVersionDate "2020.02.28"]
[WhiteTeam "W&W 1"]
[BlackTeam "Wimbledon 2"]

1. e4 Nc6 2. Nf3 g6 3. d4 d6 4. c3 Bg7 5. Be2 Nf6 6. Nbd2 e5 7. O-O O-O 8. Re1
Nh5 9. Nc4 f5 10. Bg5 Qe8 11. dxe5 dxe5 {WM: First Rank says if Black plays 11
...fxe4 White wins a pawn with 12 Qd5+, giving a line continuing 12 ...Qe6.
However, if 12 ...Be6, Black wins! Instead, White has a brilliant line to
retain a clear advantage.} ({If} 11... fxe4 {White must go into a deep
sacrificial line to wrest an advanage.} 12. exd6 $1 ({Not} 12. Qd5+ Be6 13.
Qxe4 d5 $19) 12... exf3 13. Bxf3 Qd7 14. Be7 Re8 15. Bd5+ Kh8 16. Bf7 b5 17.
Bxe8 Qxe8 18. Na3 $16) 12. exf5 Bxf5 13. Qb3 Qf7 ({If} 13... Be6 {White can
play} 14. Qxb7 $18) {White still had Qxb7 but rightly prefers the centre pawn
now available.} 14. Ncxe5 $1 Qxb3 15. axb3 Nxe5 16. Nxe5 Bxe5 17. Bc4+ Kg7 18.
Rxe5 Rae8 19. Rae1 Rxe5 20. Rxe5 Rc8 {How else can he protect the Q-side pawns?
} 21. Re7+ Kh8 22. h3 {...and Black RESIGNS! The peril is not so much the
threatened fork with g4, but the fact that the knight has no safe squares, e.g.
22 ...Bc2 23 g4 Ng7 24 Bf6 etc. Black has no good continuation, e.g. if 22 ...
h6 23 Bxh6 Black still cannot rescue the knight: 23 ...Nf6 24 Ng7+ etc.} h6 23.
Bxh6 {1-0} 1-0

[Event "W&W Club Championship"]
[Site "Wanstead"]
[Date "1979.??.??"]
[Round "9"]
[White "Alan Potter, (White)"]
[Black "Simon Lee, (Black)"]
[Result "1-0"]
[WhiteElo "161"]
[BlackElo "124"]
[Annotator "Alan Potter"]
[PlyCount "52"]
[EventDate "1978.04.13"]
[EventType "simul"]
[EventRounds "145"]
[SourceVersionDate "2020.02.28"]

{Notes by Alan Potter.} 1. e4 c6 2. d4 d5 3. e5 Bf5 4. h4 h6 $2 {Black's QB
must not go to h7. (Hence 4 ...h5 is required - Ed.)} 5. g4 Be4 {And now 5 ...
Bd7 was essential.} 6. f3 Bh7 7. e6 fxe6 8. Bd3 Qd6 9. Bxh7 Qg3+ 10. Kf1 Rxh7
11. Qd3 Nf6 12. Nc3 $2 {Giving away most of the advantage.} ({Best is} 12. Ne2
Qc7 13. Bf4 $16) 12... Nbd7 13. Nce2 Qc7 {13 ...Qd6 is stronger.} 14. Qg6+ Kd8
15. Nh3 Rh8 16. g5 Ne8 ({If} 16... hxg5 17. Nxg5 Kc8 18. Nxe6 $16 {and Black
is in tatters anyway.}) 17. Nef4 Ne5 {See anything better?} 18. Nxe6+ Kd7 19.
Nc5+ Kd8 20. dxe5 Qxe5 21. Nf4 $2 (21. Nxb7+ {wins so easily, as} Kd7 (21...
Kc7 22. Bf4 $18) 22. Nc5+ Kd8 23. Qxc6 $18) 21... Nc7 22. Nfe6+ Nxe6 23. Qxe6
Qxe6 24. Nxe6+ Kd7 25. Nxf8+ Rhxf8 26. Kg2 Rf5 {...and Black RESIGNED as White
was playing 27 gxh6. 1-0} 1-0

[Event "Essex League"]
[Site "Wanstead"]
[Date "1979.04.17"]
[Round "?"]
[White "Steve Abott, (White)"]
[Black "George Fernie, (Black)"]
[Result "0-1"]
[WhiteElo "156"]
[BlackElo "147"]
[Annotator "First Rank"]
[PlyCount "68"]
[EventDate "1978.04.13"]
[EventType "simul"]
[EventRounds "145"]
[SourceVersionDate "2020.02.28"]
[WhiteTeam "W&W 1"]
[BlackTeam "Upminster 1"]

{Notes by First Rank, with modern interjection prefixed "WM" (important point
at move 17).} 1. d4 Nf6 2. c4 e6 3. Nf3 b6 4. g3 Bb7 5. Bg2 Be7 6. Nc3 O-O 7.
Qc2 c5 8. d5 exd5 9. Nd2 {In his 1974 match against Karpov, Korchnoi twice
used 9 Ng5 (games 5 and 21) and against 9 ...g6 (game 5) Keene recommends 10
cxd5 d6 11 h4! with attacking propects. In game 21 Karpov continued 9 ...Nc6?!
and lost in 19 moves!} ({If} 9. Ng5 g6 ({Karpov played} 9... Nc6 {which is not
a bad continuation, Karpov's errors followed.} 10. Nxd5 g6 11. Qd2 Rb8 ({
Karpov now goes astray:} 11... Nxd5 $2 12. Bxd5 Rb8 $2 13. Nxh7 $3 Re8 ({
Acceptance is terminal:} 13... Kxh7 14. Qh6+ Kg8 15. Qxg6+ Kh8 16. Qh6+ Kg8 17.
Be4 f5 18. Bd5+ Rf7 19. Qg6+ {1-0.}) 14. Qh6 Ne5 15. Ng5 Bxg5 16. Bxg5 Qxg5 17.
Qxg5 Bxd5 18. O-O Bxc4 19. f4 {1-0.}) 12. O-O Nxd5 13. cxd5 Nd4 $11) 10. cxd5
d6 11. h4 $14) 9... Nc6 10. cxd5 Nb4 11. Qb3 Qc8 12. O-O Re8 13. e4 $2 {
The hole created on d3 acts like a vacuum (WM perhaps "black hole" was a more
appropriate analogy?) and sucks Black's pieces in. Essexntial was 13 a3.} Ba6
14. Re1 Nd3 15. Re3 c4 16. Qa4 Bc5 {The meek retreat 17 Re2 would now leave
White passively placed and was obviously not an attractive prospect, so White
now selects a tactical plan sparking off a phase if Fernie lateral thinking.}
17. Nxc4 $5 Bxc4 {First Rank now says: "17 ...Bxe3 is answered by 18 Nd6". Oh
no it isn't! If White should play that, Black has a crushing attack.} (17...
Bxe3 {and if White should play} 18. Nd6 $4 {he gets crushed:} ({Best is} 18.
Nxe3 b5 19. Qd4 b4 20. Ne2 Ne1 $15) 18... Bxf2+ 19. Kh1 Bc5 $3 20. Nxc8 Nf2+
21. Kg1 N2xe4+ 22. Be3 ({Or} 22. Kh1 Nf2+ 23. Kg1 Re1+ 24. Bf1 Nh3+ 25. Kg2
Bxf1+ 26. Kf3 Ng1+ 27. Kf4 Rxc8 $19) 22... Bxe3+ 23. Kh1 Nf2+ 24. Kg1 Nd3+ 25.
Kh1 Nc5 26. Qa3 Raxc8 $19) 18. Qxc4 Nxf2 $1 19. Qa4 ({Not} 19. Kxf2 Bxe3+ {
wins the queen.}) ({But} 19. Re2 {looks slightly better than the game move,
though Black is still winning.}) 19... N2g4 20. Nd1 Nxd5 $1 21. exd5 Bxe3+ 22.
Bxe3 Nxe3 23. Nxe3 Qc5 {Still there is a finnesse. This allows Black to retain
a stronger grip by getting his queen into play.} 24. Qxd7 Rxe3 25. Kh1 Rae8 26.
Rf1 Qe7 27. Qf5 Re1 28. Qf4 Rxf1+ 29. Bxf1 Qe4+ 30. Kg1 Qxf4 31. gxf4 Re4 32.
Kf2 Rxf4+ 33. Ke2 Rxf1 34. Kxf1 Kf8 {0-1} 0-1

[Event "Hastings Match"]
[Site "Hastings"]
[Date "1979.04.08"]
[Round "?"]
[White "George Fernie, (White)"]
[Black "G E Anslow, (Black)"]
[Result "1-0"]
[WhiteElo "147"]
[BlackElo "156"]
[Annotator "Notes expanded from comments by Geroge Fernie"]
[PlyCount "43"]
[EventDate "2019.01.10"]
[SourceVersionDate "2020.02.28"]
[WhiteTeam "Hastings"]
[BlackTeam "W&W"]

{Notes expanded from comments by Geroge Fernie.} 1. c4 Nf6 2. Nc3 g6 3. g3 Bg7
4. Bg2 c6 5. e4 d6 6. d4 O-O 7. Nf3 e5 $6 8. dxe5 dxe5 9. Qxd8 Rxd8 10. Nxe5
Nxe4 11. Nxf7 Nxc3 {Black apparently is relying on being able to pick up the
White knight which on d8 will be trapped. This gives rise to a highly
interesting phase of play, the outcome of which is not at all clear at this
stage.} ({Black could have chosen} 11... Bxc3+ 12. bxc3 Re8 $1 (12... Kxf7 13.
Bxe4 Re8 14. f3 Bf5 15. O-O Bxe4 16. fxe4+ $14 {when White retains his extra
pawn with chances.}) 13. Nh6+ Kg7 14. O-O Nxc3 15. Bb2 Kxh6 16. Bxc3 $16) 12.
Nxd8 Na4 13. O-O Nc5 {Covering e6 but also clearing a potential forking
position e.g.} ({e.g. if} 13... Na6 14. Nxc6 bxc6 15. Bxc6) ({If} 13... Nxb2
14. Bxb2 Bxb2 15. Rab1 $18 {winning the b-pawn.}) 14. Be3 Nba6 15. Rad1 Bxb2 {
Black wants to play ...Bf5 and ...Bf6 and can ill-afford the time to take this
pawn, but the move is virtually forced since White threatened 16 b4 disrupting
Black's Q-side.} 16. Bxc5 Nxc5 17. Rfe1 {With the threat 18 Re8+ Kg7 19 Nxc6!
bxc6 20 Rdd8 etc.} Kf8 18. Nxc6 Bg4 {The game's up.} (18... bxc6 19. Bxc6 Bb7 (
{or} 19... Rb8 20. Re8+ Kf7 21. Rdd8 $18) 20. Bxb7 Nxb7 21. Rb1 Bc3 22. Rec1
Bd2 23. Rc2 $18) 19. Rd8+ Rxd8 20. Nxd8 Bc8 21. Rb1 Bf6 22. Nxb7 {1-0} 1-0

[Event "Tandem Simul."]
[Site "Wanstead"]
[Date "1979.09.18"]
[Round "?"]
[White "Alan Potter/Simon Lee, (White)"]
[Black "Ian Hunnable, (Black)"]
[Result "1-0"]
[WhiteElo "148"]
[BlackElo "178"]
[Annotator "Ian Hunnable"]
[PlyCount "49"]
[EventDate "1978.04.13"]
[EventType "simul"]
[EventRounds "145"]
[SourceVersionDate "2020.02.28"]

{Notes by Ian Hunnable. Odd numbered moves by Simon Lee, evens by Alan Potter.
} 1. e4 Nf6 2. e5 Nd5 3. d4 d6 4. c4 Nb6 5. Nf3 {I imagine Alan was
disappointed on his next turn not to see a four pawns (5 f4).} g6 6. Nc3 Bg7 7.
Bf4 O-O 8. Be2 Nc6 9. exd6 cxd6 10. d5 Na5 11. Nd2 Bxc3 {Since Black is going
for the c-pawn, this is necessary.} ({If} 11... Qc7 12. Rc1 Naxc4 13. Nb5 {
"wins". Or so it seemed. In fact Black has enough wriggle room to stay ahead:}
Qc5 14. a4 a6 ({Better} 14... Nxb2 $1 15. Rxc5 Nxd1 16. Rxc8 Rfxc8 17. Bxd1 a6
$19) 15. Nxc4 axb5 16. Nxb6 Qxb6 17. Bxb5 Bxb2 $15) 12. bxc3 Qc7 13. Bh6 Re8
14. O-O Naxc4 $4 {Sheer greed - a frame of mind set in course by my
extravagant 11th move. The pawn won't run away, but in the meantime, ...f6 was
needed as will become clear.} 15. Nxc4 Nxc4 16. Qd4 $1 {Mate threat on g7.} Ne5
17. f4 f6 {Black will get a second pawn for the knight and will hope to make
something of his pawn mass (or mess).} 18. fxe5 dxe5 19. Qd2 Bf5 20. Qe3 Red8
21. Rad1 b6 {Still wasn't too late: 21 ...Qb6 enables Black to play on. Now
it's Alan's turn.} 22. Rxf5 $1 {This was 'on' the previous move (although I
hadn't seen it either). Alan set it up by 20 Qe3 but Simon didn't cotton on.}
gxf5 23. Qg3+ Kf7 24. Qg7+ {Now it's Alan's turn to miss what Simon had seen.
24 Bh5 is mate!} Ke8 25. Bb5+ {...and Black resigns, just in time to prevent
25 ...Rd7 26 Qg8#} 1-0

[Event "London League"]
[Site "London"]
[Date "1979.10.19"]
[Round "?"]
[White "Philip Gasper, (White)"]
[Black "Gareth Thomas, (Black)"]
[Result "1-0"]
[WhiteElo "187"]
[BlackElo "182"]
[Annotator "Philip Gasper"]
[PlyCount "77"]
[EventDate "1978.04.13"]
[EventType "simul"]
[EventRounds "145"]
[SourceVersionDate "2020.02.28"]
[WhiteTeam "W&W"]
[BlackTeam "Willesden"]

{Notes by Philip Gasper.} 1. c4 g6 2. e4 Bg7 3. d4 d6 4. Nc3 Nc6 5. d5 Nd4 6.
Be3 c5 7. Nge2 Qb6 8. Qd2 Bd7 {In view of his next move, Black could here play
a waiting move, such as 8 ...a6.} ({A trap which is by now well-known is} 8...
Bg4 9. f3 $1 Bxf3 $2 10. Na4 Qa6 11. Nxd4 cxd4 12. Bxd4 Bxd4 13. Qxd4 Nf6 14.
c5 $1 Qa5+ 15. Nc3 dxc5 16. Qe5 Bg4 17. d6 O-O-O 18. dxe7 $18 {etc., as in
Timman v Suttles at Hastings a few years ago.}) 9. Rd1 {I didn't really
believe Black would move his bishop a second time, so took a risk. Objectively,
9 h3 is probably best.} Bg4 $5 10. h3 {After 10 f3,Black really can take the
pawn since White's KN would then be pinned.} Bxe2 {Interesting would be 10 ...
Bf3!? though it somewhat loses its point when there is no pawn to capture on
that square.} 11. Bxe2 Nxe2 {Black should not surrender his best placed piece
so readily. I expected ...e6 or ...e5.} 12. Qxe2 Bxc3+ $2 {Another poor
exchange from Black's point of view. He will now have to take the risky course
of castling Q-side.} 13. bxc3 Qa5 14. Qc2 Qa6 15. Rb1 $1 b6 16. Rb5 Nf6 17. Bh6
Nd7 18. f4 O-O-O {Here I anticipated ...f6 to discourage e5 and temporarily
box in the bishop on h6.} 19. a4 Qb7 20. O-O a5 21. e5 {Virtually deciding the
game - White threatens to drive away the knight on d7 and then gang up on
Black's Q-side. Black therefore decides to shed a pawn.} e6 22. dxe6 fxe6 23.
Bg5 Rdf8 24. exd6 Rf5 25. g4 Rxg5 {Desperation, but if the rook retreats White
takes control of the whole board with 26 Qg2.} 26. fxg5 Qc6 27. Qg2 {The
d-pawn is not too important, but since there is no immediate breakthrough it
may be simplest to defend it.} Qxd6 28. Rbb1 Kc7 29. Rbd1 Qe7 (29... Qe5 30.
Rxd7+ $18) 30. Qg3+ Kc6 31. Rd2 e5 32. Rfd1 Rd8 33. Qe3 Qe6 34. Qe4+ Kc7 35.
Qd5 Qxd5 36. Rxd5 e4 37. Rd6 ({And not} 37. Rxd7+ Rxd7 38. Rxd7+ Kxd7 39. Kf2
Ke6 {when despite the extra pawn, White cannot win as his king has no entry. (}
40. Ke3 Ke5 41. h4 Ke6 42. Kxe4 Kd6 43. h5 Ke6 $11 {)}) 37... e3 38. Re6 Rf8
39. Rxe3 {1-0} 1-0

[Event "London League"]
[Site "London"]
[Date "1979.10.03"]
[Round "?"]
[White "Alan Potter, (White)"]
[Black "Maurice Staples, (Black)"]
[Result "1/2-1/2"]
[WhiteElo "158"]
[BlackElo "207"]
[Annotator "Alan Potter"]
[PlyCount "46"]
[EventDate "1978.04.13"]
[EventType "simul"]
[EventRounds "145"]
[SourceVersionDate "2020.02.28"]
[WhiteTeam "W&W"]
[BlackTeam "Drunken Knights"]

{Notes by Alan Potter.} 1. e4 e5 2. Nc3 Nf6 3. Bc4 Bc5 4. d3 c6 {More usual is
...Nc6 or ...d6.} 5. Nf3 d5 6. exd5 cxd5 7. Bb3 Nc6 8. O-O Bg4 {Probably ...
O-O is better as Black's central pawns are under pressure.} 9. h3 Be6 10. Nxe5
$1 Nxe5 11. d4 Bd6 12. dxe5 Bxe5 13. Ba4+ Kf8 {This is the point of White's
10th move:} ({If} 13... Nd7 14. Nxd5) ({Or if} 13... Bd7 14. Bxd7+ Qxd7 15. Re1
$1 {wins.}) 14. Qf3 Qc7 15. Re1 {I thought the 'two bishops' were worth
suffering doubled pawns. (In any event, 15 Ne2 d4 gives Black good play. - Ed.)
} Bxc3 16. Qxc3 Qxc3 17. bxc3 Rc8 18. Bb2 h5 19. Bb3 h4 20. Rad1 Rh5 21. Rd4
Ne4 22. c4 dxc4 23. Bxc4 Rxc4 {Draw agreed. Staples offered the draw and I
could not refuse!} 1/2-1/2